=LDR 00000nam 2200000 4500 =001 INLIS000000000028393 =005 20130612130713 =008 ***********************************Ind** =035 ##$$0010-061300000028393 =041 ##$$a Ind =082 ##$$a 959.8 =090 ##$$a 959.8, Pem p =245 ##$$aaFrederick, William H =260 ##$$a Pemahaman sejarah Indonesia sebelum dan sesudah revolusi, William H Frederick =300 ##$$a 2005 $b Jakarta =650 ##$$a 507 hlm, 21 cm =850 ##$$a Sejarah Indonesia =990 ##$$a 06970697 =990 ##$$a 1202100039 =990 ##$$a 1202100039